000 00635nam a2200241Ia 4500
003 OSt
005 20221005121915.0
006 a|||||r|||| 00| 0
007 ta
008 221004b |||||||| |||| 00| 0 eng d
024 _a60165
037 _cTextual
040 _aCRL
_cCRL
_beng
041 _2eng
_aeng
082 _aV2:5:E3, E0.1-.2
100 _aAlberuni
245 0 _aIndia about A. D.1030 ed with notes and indices by Edward C Sachau
260 _c1910
490 _aTrubner's Oriental Series; 5
650 _aHISTORY
942 _hV2:5:E3, E0.1-.2
_cTEXL
_2cc
999 _c1042646
_d1042646